000 00507nam a22001817a 4500
005 20170703104538.0
010 _aENG-118533
020 _a9788192060837
_c290.00
035 _aEN-102065
037 _bDBAD/PUB
082 _a657
100 _aRani, P
245 _aStudents 'hand book of accounting /
_cby P Rani
260 _aA.P.
_bjai Bharth Publishers
_c2012
270 _a2/18 Brodiepet, Guntur
_bA.P.
_e522002
300 _aMulti Pages.
_c24cm(pbk)
942 _2ddc
_cEN
_mRAN
_h657
999 _c140779
_d140779